|
|
|
|
| LEADER |
00000Cam#a22000005a#4500 |
| 001 |
020279 |
| 005 |
20250214144136.0 |
| 008 |
080908s1998####mx # g#b #000|0dspa#d |
| 020 |
|
|
|a 9682310407 (vol.2)
|
| 020 |
|
|
|a 9682310652 (obra completa)
|
| 040 |
|
|
|a AR-BeUNQ
|
| 082 |
0 |
4 |
|a 809.923
|2 21
|
| 099 |
|
|
|a 809.923 FLO
|
| 100 |
1 |
|
|a Flores, Angel
|
| 245 |
0 |
2 |
|a Narrativa hispanoamericana 1816-1981. Historia y antología.
|b la generación de 1880-1909
|c Angel Flores.
|n II ;
|
| 250 |
|
|
|a 3a. ed.
|
| 260 |
|
|
|a México, D. F. :
|b Siglo XXI,
|c c1998.
|
| 300 |
|
|
|a 321 p ;
|c 18 cm.
|
| 490 |
0 |
|
|a La creación literaria
|
| 500 |
|
|
|a Edición al cuidado de María Luisa Puga.
|
| 500 |
|
|
|a Bibliografía al final de cada capítulo.
|
| 648 |
|
7 |
|a 1880-1909
|
| 650 |
|
7 |
|a Literatura (Arte)
|2 spines
|
| 650 |
|
7 |
|a Historia y estudio de la literatura en castellano
|2 ttll
|
| 650 |
|
7 |
|a Literatura hispanoamericana
|2 ttll
|
| 650 |
|
7 |
|a Narrativa
|2 ttll
|
| 650 |
|
7 |
|a Antología de cuentos
|2 ttll
|
| 929 |
|
|
|a COMPRA
|b Alfagrama
|c Exp. 827-0266/08 1a. compra
|d 28,46
|e 20080812
|f PAT0024858
|j 42466
|
| 929 |
|
|
|a COMPRA
|b Alfagrama
|c Exp. 827-0266/08 1a. compra
|d 28,46
|e 20080812
|f PAT0024857
|j 42467
|
| 929 |
|
|
|a COMPRA
|b Alfagrama
|c Exp. 827-0266/08 1a. compra
|d 28,46
|e 20080812
|f PAT0024856
|j 42468
|
| 942 |
|
|
|c LIB
|n 0
|
| 999 |
|
|
|c 19975
|d 95362
|